[Event "Lloyds Bank Masters 18th"]
[Site "London"]
[Date "1994.08.20"]
[Round "1"]
[White "Adianto, Utut"]
[Black "Cooper, Lawrence"]
[Result "1-0"]
[WhiteElo "2520"]
[BlackElo "2320"]
[PlyCount "119"]
[EventDate "1994.08.20"]
[EventType "swiss"]
[EventRounds "10"]
[EventCountry "ENG"]
[SourceTitle "BritBase"]

1. d4 Nf6 2. c4 e6 3. Nc3 Bb4 4. Qc2 O-O 5. a3 Bxc3+ 6. Qxc3 Ne4 7. Qc2 f5 8.
g3 b6 9. Bg2 Bb7 10. Nf3 Qf6 11. O-O d6 12. Ng5 Qg6 13. h4 Nd7 14. h5 Qxh5 15.
Nxe6 Ndf6 16. Nf4 Qf7 17. d5 b5 18. b3 bxc4 19. bxc4 Bc8 20. Bb2 Bd7 21. Bxf6
Qxf6 22. Bxe4 fxe4 23. Qxe4 Rae8 24. Qd3 g5 25. Ng2 Bh3 26. Rae1 g4 27. f4 gxf3
28. Rxf3 Qe5 29. Re3 Qg5 30. Rxe8 Rxe8 31. Nf4 Bf5 32. Qf3 Be4 33. Qf2 c6 34.
Rd1 c5 35. Rf1 Rf8 36. Qe3 Re8 37. Kf2 Qf6 38. Ke1 Qa1+ 39. Kf2 Qf6 40. Kg1 Qg5
41. Rf2 Bg6 42. Qf3 Be4 43. Qh5 Qxh5 44. Nxh5 Re5 45. Rf4 Bg6 46. Nf6+ Kg7 47.
Kf2 Re7 48. Kf3 Rb7 49. Ne4 Rb3+ 50. e3 Bxe4+ 51. Rxe4 Rxa3 52. Re7+ Kg8 53.
Rd7 Ra6 54. Kf4 Ra4 55. e4 a5 56. Rxd6 Rxc4 57. Ra6 a4 58. Kf5 Kf8 59. d6 Ke8
60. e5 1-0

[Event "Lloyds Bank Masters 18th"]
[Site "London"]
[Date "1994.08.20"]
[Round "1"]
[White "Akesson, Ralf"]
[Black "Griffin, Douglas"]
[Result "1-0"]
[WhiteElo "2460"]
[BlackElo "2275"]
[PlyCount "81"]
[EventDate "1994.08.20"]
[EventType "swiss"]
[EventRounds "10"]
[EventCountry "ENG"]
[SourceTitle "BritBase"]

1. d4 d5 2. c4 e6 3. Nc3 Be7 4. Nf3 Nf6 5. Bg5 h6 6. Bh4 O-O 7. e3 b6 8. Bd3
Bb7 9. O-O Nbd7 10. cxd5 Nxd5 11. Bg3 Bd6 12. Nxd5 Bxg3 13. hxg3 exd5 14. Rc1
c5 15. Bf5 c4 16. Qa4 Nf6 17. b3 g6 18. Bh3 cxb3 19. axb3 Re8 20. Rc2 Re7 21.
Rfc1 Ne4 22. Ne5 Kg7 23. Bd7 a6 24. Bc6 Qd6 25. Bxb7 Rxb7 26. g4 Nf6 27. Rc6
Qe7 28. R1c2 Raa7 29. Rc8 Rc7 30. R2xc7 Rxc7 31. Qxa6 Ra7 32. Qf1 Qa3 33. Qd1
Nd7 34. Nxd7 Rxd7 35. Qc2 Qa1+ 36. Kh2 Qe1 37. Re8 Rd6 38. Ra8 Re6 39. Qc8 Kf6
40. Qd8+ Re7 41. Ra7 1-0

[Event "Lloyds Bank Masters 18th"]
[Site "London"]
[Date "1994.08.20"]
[Round "1"]
[White "Allen, Andrew"]
[Black "McNab, Colin Anderson"]
[Result "0-1"]
[WhiteElo "2275"]
[BlackElo "2465"]
[PlyCount "48"]
[EventDate "1994.08.20"]
[EventType "swiss"]
[EventRounds "10"]
[EventCountry "ENG"]
[SourceTitle "BritBase"]

1. d4 d6 2. e4 g6 3. Nc3 c6 4. f4 d5 5. Nf3 dxe4 6. Nxe4 Bg7 7. Bc4 Nh6 8. c3
O-O 9. Ng3 c5 10. Be3 Ng4 11. Qe2 Nxe3 12. Qxe3 cxd4 13. Nxd4 Qb6 14. O-O-O Nc6
15. Nc2 Qc7 16. Ne4 Na5 17. Be2 Be6 18. Kb1 Nc4 19. Bxc4 Qxc4 20. a3 Rfc8 21.
Ng5 Qa2+ 22. Kc1 Bf5 23. Qd2 Qb3 24. Nf3 Rxc3 0-1

[Event "Lloyds Bank Masters 18th"]
[Site "London"]
[Date "1994.08.20"]
[Round "1"]
[White "Alterman, Boris"]
[Black "Barnes, Michael"]
[Result "1-0"]
[WhiteElo "2585"]
[BlackElo "2335"]
[PlyCount "53"]
[EventDate "1994.08.20"]
[EventType "swiss"]
[EventRounds "10"]
[EventCountry "ENG"]
[SourceTitle "BritBase"]

1. d4 Nf6 2. c4 g6 3. Nc3 Bg7 4. e4 d6 5. Be2 O-O 6. Bg5 Na6 7. Qd2 e5 8. d5
Nc5 9. f3 h6 10. Be3 a5 11. O-O-O Kh7 12. g4 Ng8 13. h4 f5 14. h5 f4 15. hxg6+
Kxg6 16. Bf2 Bd7 17. Kb1 a4 18. Nh3 Ra6 19. Rdg1 Bf6 20. Bd1 Qe7 21. g5 hxg5
22. Nxg5 Bxg5 23. Bh4 Kf7 24. Bxg5 Nf6 25. Rh6 Ke8 26. Bh4 Bc8 27. Rxf6 1-0

[Event "Lloyds Bank Masters 18th"]
[Site "London"]
[Date "1994.08.20"]
[Round "1"]
[White "Arakhamia-Grant, Ketevan"]
[Black "Salman, Joel"]
[Result "1-0"]
[WhiteElo "2450"]
[BlackElo "2270"]
[PlyCount "74"]
[EventDate "1994.08.20"]
[EventType "swiss"]
[EventRounds "10"]
[EventCountry "ENG"]
[SourceTitle "BritBase"]

1. e4 c5 2. Nf3 Nc6 3. d4 cxd4 4. Nxd4 Nf6 5. Nc3 e5 6. Ndb5 d6 7. Bg5 a6 8.
Na3 b5 9. Bxf6 gxf6 10. Nd5 Bg7 11. c3 f5 12. exf5 Bxf5 13. Nc2 O-O 14. Nce3
Be6 15. g3 Ne7 16. Bg2 Rc8 17. O-O Nxd5 18. Bxd5 Rc5 19. Qd3 Bh6 20. Bxe6 fxe6
21. Ng4 Bg7 22. a4 Qb6 23. axb5 Rxb5 24. Ra2 d5 25. Qd2 e4 26. h4 h5 27. Ne3
Rf3 28. Kg2 Bh6 29. Re1 a5 30. Re2 Bxe3 31. Rxe3 Rxe3 32. fxe3 Qb8 33. Qe2 Kg7
34. Kh3 Kh6 35. Qf1 Kg6 36. b4 axb4 37. Rf2 bxc3 {time} 1-0

[Event "Lloyds Bank Masters 18th"]
[Site "London"]
[Date "1994.08.20"]
[Round "1"]
[White "Arkell, Keith C"]
[Black "Adrian, Claude"]
[Result "1-0"]
[WhiteElo "2470"]
[BlackElo "2285"]
[PlyCount "109"]
[EventDate "1994.08.20"]
[EventType "swiss"]
[EventRounds "10"]
[EventCountry "ENG"]
[SourceTitle "BritBase"]

1. d4 Nf6 2. Nf3 g6 3. g3 c5 4. d5 Bg7 5. Bg2 b5 6. Nfd2 d6 7. O-O O-O 8. e4
Nbd7 9. Re1 Nb6 10. Nc3 b4 11. Ne2 Bb7 12. Nf4 a5 13. Nf3 Qc7 14. h4 h5 15. Ng5
Ng4 16. Bh3 Bc8 17. Kg2 Nc4 18. Rb1 a4 19. f3 Nge5 20. Bxc8 Qxc8 21. Qe2 Qb7
22. Nxh5 gxh5 23. f4 Ng4 24. Qxc4 Qa6 25. Qxa6 Rxa6 26. Nf3 Rb8 27. Nd2 Bd4 28.
Nc4 b3 29. c3 Bg7 30. a3 e6 31. Be3 Re8 32. dxe6 fxe6 33. Bg1 Kf7 34. Rbd1 Bf8
35. Kf3 Rc6 36. Ne3 Nxe3 37. Bxe3 Be7 38. f5 e5 39. g4 Bxh4 40. Rh1 hxg4+ 41.
Kxg4 Bf6 42. Rh7+ Bg7 43. Bh6 Rg8 44. Kh5 d5 45. Bxg7 Rxg7 46. Rxg7+ Kxg7 47.
exd5 Rd6 48. Kg5 c4 49. f6+ Rxf6 50. d6 Rf8 51. d7 Rd8 52. Kf5 e4 53. Kxe4 Kf6
54. Rd5 Ke6 55. Kd4 1-0

[Event "Lloyds Bank Masters 18th"]
[Site "London"]
[Date "1994.08.20"]
[Round "1"]
[White "Bates, Richard"]
[Black "Markowski, Tomasz"]
[Result "0-1"]
[WhiteElo "2285"]
[BlackElo "2475"]
[PlyCount "84"]
[EventDate "1994.08.20"]
[EventType "swiss"]
[EventRounds "10"]
[EventCountry "ENG"]
[SourceTitle "BritBase"]

1. d4 Nf6 2. c4 e6 3. Nf3 b6 4. g3 Bb7 5. Bg2 Be7 6. O-O O-O 7. Nc3 Na6 8. b3
d5 9. Ne5 c6 10. Bb2 Nd7 11. Nxd7 Qxd7 12. e4 Nc7 13. e5 Ba6 14. cxd5 cxd5 15.
Re1 Rac8 16. a4 Bb4 17. Re3 Rfd8 18. h4 Ne8 19. f4 g6 20. h5 Ng7 21. Na2 Be7
22. hxg6 fxg6 23. Bc3 Rc7 24. g4 g5 25. Rh3 gxf4 26. Qc2 h5 27. gxh5 Nf5 28.
Qd2 Kh8 29. Qxf4 Rg8 30. Kh1 Rcc8 31. Rg1 Rcf8 32. Qd2 Rg4 33. Bf3 Rxg1+ 34.
Kxg1 Rg8+ 35. Bg2 Bg5 36. Qf2 Qg7 37. Nb4 Be3 38. Rxe3 Nxe3 39. Nxa6 Qxg2+ 40.
Qxg2 Rxg2+ 41. Kh1 Rc2 42. Bb4 Nf5 0-1

[Event "Lloyds Bank Masters 18th"]
[Site "London"]
[Date "1994.08.20"]
[Round "1"]
[White "Berry, Stephen"]
[Black "Hebden, Mark"]
[Result "0-1"]
[WhiteElo "2320"]
[BlackElo "2520"]
[PlyCount "116"]
[EventDate "1994.08.20"]
[EventType "swiss"]
[EventRounds "10"]
[EventCountry "ENG"]
[SourceTitle "BritBase"]

1. b3 e5 2. Bb2 d6 3. e3 g6 4. d4 Bg7 5. Nf3 e4 6. Ng1 Nh6 7. c4 O-O 8. Nc3 Re8
9. Nge2 c6 10. Nf4 Na6 11. Be2 Nc7 12. Qd2 d5 13. h3 Nf5 14. O-O-O Ne6 15. Nxe6
Bxe6 16. c5 b6 17. Na4 b5 18. Nc3 Qh4 19. g3 Qe7 20. Kb1 Qb7 21. Rdg1 a5 22. h4
h6 23. g4 Ne7 24. f3 exf3 25. Bxf3 b4 26. Na4 Rad8 27. Qg2 Nc8 28. Re1 Re7 29.
Re2 Rde8 30. Rhe1 f5 31. Ka1 Qd7 32. gxf5 Bxf5 33. a3 bxa3 34. Bc3 Bd3 35. Rd2
Rxe3 36. Rxe3 Rxe3 37. Ka2 Bf5 38. Bxa5 Qf7 39. Bg4 Ne7 40. Kxa3 Bxg4 41. Qxg4
Nf5 42. Bc3 h5 43. Qf4 Bh6 44. Qh2 Kh7 45. Rd1 Qb7 46. Qc2 Qa6 47. Bb2 Bg7 48.
Bc1 Re2 49. Qd3 Qxd3 50. Rxd3 Nxd4 51. b4 Re4 52. Bd2 Rxh4 53. Nb6 Rh1 54. Ka2
Rd1 55. Nd7 h4 56. Nb8 g5 57. Rxd4 Bxd4 58. Bxg5 Be5 0-1

[Event "Lloyds Bank Masters 18th"]
[Site "London"]
[Date "1994.08.20"]
[Round "1"]
[White "Cafferty, Bernard"]
[Black "Ragozin, Evgeni"]
[Result "0-1"]
[WhiteElo "2310"]
[BlackElo "2510"]
[PlyCount "162"]
[EventDate "1994.08.20"]
[EventType "swiss"]
[EventRounds "10"]
[EventCountry "ENG"]
[SourceTitle "BritBase"]

1. Nf3 Nf6 2. g3 d5 3. c4 g6 4. b3 Bg7 5. Bb2 O-O 6. cxd5 Qxd5 7. Bg2 Qh5 8. h3
Rd8 9. Na3 Ne8 10. Bxg7 Nxg7 11. Rc1 c6 12. Nc4 Qh6 13. Qc2 Nd7 14. Qb2 Nb6 15.
Qa3 Nxc4 16. Rxc4 Nf5 17. O-O Qf8 18. Ra4 Nd6 19. d3 Nb5 20. Qb2 Qg7 21. Qxg7+
Kxg7 22. Rc1 f6 23. d4 g5 24. g4 Be6 25. e4 Bf7 26. Bf1 Nd6 27. Re1 Bg6 28. d5
cxd5 29. exd5 Kf8 30. Nd4 Rdc8 31. f4 h6 32. fxg5 hxg5 33. h4 gxh4 34. g5 fxg5
35. Ne6+ Kg8 36. Nxg5 Rc3 37. Ne6 Bf5 38. Rxh4 Kf7 39. Nd4 Rg8+ 40. Kf2 Ke8 41.
Rf4 Bd7 42. Re3 Rxe3 43. Kxe3 Rg5 44. Ne6 Bxe6 45. dxe6 Re5+ 46. Kd4 Rxe6 47.
Bd3 Rh6 48. Rf2 Rh4+ 49. Kc3 Rh3 50. Kc2 Rg3 51. Be2 Kd7 52. Rh2 Ne4 53. Bd3
Nf6 54. Rd2 Kc6 55. Bf5 Re3 56. Rh2 Kc5 57. a3 Nd5 58. Kb2 Nf4 59. Rc2+ Kd6 60.
Rd2+ Ke5 61. Bc8 Nd3+ 62. Kc2 Nc5 63. b4 Ne4 64. Rd8 Rc3+ 65. Kb2 Rc7 66. Bh3
Nd6 67. a4 Rc4 68. Kb3 Re4 69. Bf1 Re1 70. Bd3 Kd4 71. Kc2 Rg1 72. Bb5 a6 73.
Bd7 Kc4 74. b5 Rg2+ 75. Kd1 a5 76. Bc6 bxc6 77. bxc6 Kd3 78. Ke1 Rc2 79. Rd7
Rc1+ 80. Kf2 Rxc6 81. Rxe7 Ne4+ 0-1

[Event "Lloyds Bank Masters 18th"]
[Site "London"]
[Date "1994.08.20"]
[Round "1"]
[White "Cherniaev, Alexander"]
[Black "Jakubovics, Nicholas"]
[Result "1-0"]
[WhiteElo "2415"]
[BlackElo "2255"]
[PlyCount "81"]
[EventDate "1994.08.20"]
[EventType "swiss"]
[EventRounds "10"]
[EventCountry "ENG"]
[SourceTitle "BritBase"]

1. e4 e5 2. Nf3 Nc6 3. Bb5 a6 4. Ba4 Nf6 5. O-O Nxe4 6. d4 b5 7. Bb3 d5 8. dxe5
Be6 9. c3 Bc5 10. Qd3 O-O 11. Be3 Bxe3 12. Qxe3 Na5 13. Nbd2 Nxb3 14. Nxb3 Qe7
15. Nfd4 Bd7 16. f3 Nd6 17. Na5 Nc4 18. Nxc4 bxc4 19. Rad1 Rab8 20. Rd2 Rb6 21.
f4 c5 22. Ne2 Bf5 23. Ng3 Bd3 24. Re1 f5 25. b3 Rfb8 26. h3 a5 27. Kh2 Rd8 28.
bxc4 dxc4 29. Red1 Rdb8 30. Nh1 Rb2 31. Nf2 a4 32. Nxd3 cxd3 33. Qxd3 a3 34.
Qxf5 Rf8 35. Qe4 Qe6 36. c4 Rb4 37. Rd5 Qe7 38. R1d3 Ra4 39. f5 Qg5 40. e6 Re8
41. Rg3 1-0

[Event "Lloyds Bank Masters 18th"]
[Site "London"]
[Date "1994.08.20"]
[Round "1"]
[White "Chernin, Alexander"]
[Black "Rossiter, Philip J"]
[Result "1-0"]
[WhiteElo "2615"]
[BlackElo "2380"]
[PlyCount "68"]
[EventDate "1994.08.20"]
[EventType "swiss"]
[EventRounds "10"]
[EventCountry "ENG"]
[SourceTitle "BritBase"]

1. c4 e5 2. Nc3 Nf6 3. Nf3 Nc6 4. a3 g6 5. g3 Bg7 6. Bg2 O-O 7. O-O Re8 8. h3
d6 9. e4 Nd4 10. d3 Nxf3+ 11. Qxf3 h6 12. Qe2 c6 13. Be3 Be6 14. Rad1 d5 15.
exd5 cxd5 16. d4 exd4 17. Rxd4 Nd7 18. Qd2 Nc5 19. cxd5 Nb3 20. dxe6 Nxd2 21.
exf7+ Kxf7 22. Rxd2 Qa5 23. Bd5+ Re6 24. b4 Qa6 25. Ne4 Bf8 26. Bc5 Be7 27.
Bxe7 Kxe7 28. Nc5 Qxa3 29. Bxe6 Rd8 30. Re2 Kf6 31. Re4 b6 32. Rf4+ Kg7 33.
Rf7+ Kh8 34. Nd7 Rxd7 1-0

[Event "Lloyds Bank Masters 18th"]
[Site "London"]
[Date "1994.08.20"]
[Round "1"]
[White "Connell, Blair"]
[Black "McDonald, Neil R"]
[Result "1/2-1/2"]
[WhiteElo "2245"]
[BlackElo "2420"]
[PlyCount "33"]
[EventDate "1994.08.20"]
[EventType "swiss"]
[EventRounds "10"]
[EventCountry "ENG"]
[SourceTitle "BritBase"]

1. e4 c5 2. Nf3 Nc6 3. c3 d5 4. exd5 Qxd5 5. d4 Nf6 6. dxc5 Qxd1+ 7. Kxd1 e6 8.
b4 a5 9. Bd2 Ne4 10. Be1 axb4 11. cxb4 b6 12. Nc3 Nxc3+ 13. Bxc3 bxc5 14. bxc5
Bxc5 15. Bb5 Bd7 16. Ke2 Ke7 17. Rhd1 1/2-1/2

[Event "Lloyds Bank Masters 18th"]
[Site "London"]
[Date "1994.08.20"]
[Round "1"]
[White "Davies, Nigel R"]
[Black "Smith, Andrew Philip"]
[Result "1-0"]
[WhiteElo "2510"]
[BlackElo "2310"]
[PlyCount "79"]
[EventDate "1994.08.20"]
[EventType "swiss"]
[EventRounds "10"]
[EventCountry "ENG"]
[SourceTitle "BritBase"]

1. d4 d6 2. Nf3 Nd7 3. e4 e5 4. Bc4 Qf6 5. O-O h6 6. Nc3 c6 7. Ne2 Be7 8. Ng3
Bd8 9. a4 Ne7 10. b3 O-O 11. Ba3 Re8 12. Re1 Bc7 13. Qd2 Nf8 14. c3 Bg4 15. Be2
Nfg6 16. Nxe5 dxe5 17. Bxg4 exd4 18. cxd4 Rad8 19. Rad1 Qh4 20. Bf3 Bb6 21. Qc3
Nf4 22. Bb2 Qg5 23. Bc1 Neg6 24. Nh5 Nh3+ 25. Kf1 Qh4 26. g3 Qe7 27. Bg2 Qd7
28. Bb2 Bc7 29. f4 Bxf4 30. gxf4 Nhxf4 31. Nxf4 Nxf4 32. Qg3 Nxg2 33. d5 f5 34.
Kxg2 g5 35. Qc3 Rxe4 36. Qh8+ Kf7 37. Qg7+ Ke8 38. Qg6+ Qf7 39. Rxe4+ fxe4 40.
Qxe4+ 1-0

[Event "Lloyds Bank Masters 18th"]
[Site "London"]
[Date "1994.08.20"]
[Round "1"]
[White "De la Villa Garcia, Jesus Maria"]
[Black "Duncan, Christopher R"]
[Result "1/2-1/2"]
[WhiteElo "2490"]
[BlackElo "2300"]
[PlyCount "120"]
[EventDate "1994.08.20"]
[EventType "swiss"]
[EventRounds "10"]
[EventCountry "ENG"]
[SourceTitle "BritBase"]

1. e4 c5 2. Nf3 d6 3. d4 cxd4 4. Nxd4 Nf6 5. Nc3 g6 6. Be3 Bg7 7. Be2 O-O 8. h4
Nc6 9. h5 d5 10. hxg6 hxg6 11. Nxc6 bxc6 12. e5 Ne4 13. Nxe4 dxe4 14. Bd4 Bf5
15. Qd2 Qd7 16. O-O-O Rfd8 17. Bc3 Qxd2+ 18. Rxd2 Rd5 19. g4 Be6 20. Rxd5 cxd5
21. g5 Rc8 22. Bd4 Bf5 23. c3 Rc6 24. f4 exf3 25. Bxf3 e6 26. Be2 Rc7 27. b4
Bf8 28. Kb2 Bxb4 29. cxb4 Rc2+ 30. Kb3 Rxe2 31. Bc5 Rg2 32. Be7 Rg3+ 33. Ka4 d4
34. Rh4 Rg4 35. Rxg4 Bxg4 36. b5 d3 37. Bb4 Bf3 38. Kb3 Bd5+ 39. Kb2 d2 40.
Bxd2 Kf8 41. a4 Ke7 42. Kc3 Kd7 43. Be3 a6 44. bxa6 Bf3 45. Kb4 Be2 46. Ka5 Kc7
47. Bc5 Bf3 48. Bd6+ Kc8 49. Kb6 Be4 50. a7 Ba8 51. Be7 Be4 52. a5 Bf3 53. Bc5
Be4 54. Bd4 Bf3 55. Kc5 Kd7 56. a6 Ba8 57. Bc3 Bf3 58. Ba5 Ba8 59. Kb6 Kc8 60.
Bb4 Be4 1/2-1/2

[Event "Lloyds Bank Masters 18th"]
[Site "London"]
[Date "1994.08.20"]
[Round "1"]
[White "Dive, Russell John"]
[Black "Emms, John M"]
[Result "1/2-1/2"]
[WhiteElo "2315"]
[BlackElo "2535"]
[PlyCount "75"]
[EventDate "1994.08.20"]
[EventType "swiss"]
[EventRounds "10"]
[EventCountry "ENG"]
[SourceTitle "BritBase"]

1. d4 Nf6 2. c4 e6 3. Nc3 Bb4 4. Qc2 d5 5. Nf3 c5 6. cxd5 exd5 7. a3 Bxc3+ 8.
bxc3 Qa5 9. Nd2 Qc7 10. Qb1 O-O 11. e3 b6 12. a4 Ba6 13. Bxa6 Nxa6 14. Ba3 Rfe8
15. O-O c4 16. Re1 Re6 17. f3 Rae8 18. Nf1 Nb8 19. Re2 Nc6 20. Qc2 Ne7 21. Rae1
Ng6 22. g3 h5 23. e4 dxe4 24. fxe4 h4 25. e5 Nd5 26. Rf2 Qc6 27. Nd2 Nxe5 28.
dxe5 Rxe5 29. Rxe5 Rxe5 30. Nf3 Re3 31. Qf5 hxg3 32. hxg3 Nxc3 33. Rd2 Qe8 34.
Rh2 Qe4 35. Qc8+ Qe8 36. Qf5 Qe4 37. Qc8+ Qe8 38. Qf5 1/2-1/2

[Event "Lloyds Bank Masters 18th"]
[Site "London"]
[Date "1994.08.20"]
[Round "1"]
[White "Frias Pablaza, Victor J"]
[Black "Wood, David A"]
[Result "1-0"]
[WhiteElo "2480"]
[BlackElo "2295"]
[PlyCount "123"]
[EventDate "1994.08.20"]
[EventType "swiss"]
[EventRounds "10"]
[EventCountry "ENG"]
[SourceTitle "BritBase"]

1. d4 Nf6 2. Nf3 g6 3. g3 Bg7 4. Bg2 O-O 5. O-O d6 6. c4 Nbd7 7. Qc2 e5 8. Rd1
Qe7 9. Nc3 c6 10. b3 Re8 11. e4 exd4 12. Nxd4 Nc5 13. f3 Nfd7 14. Kh1 a5 15.
Bf4 h5 16. Rd2 Ne5 17. Rf1 Qc7 18. Be3 Qe7 19. h3 h4 20. g4 Bd7 21. g5 f5 22.
gxf6 Qxf6 23. f4 Nf7 24. Nde2 Rad8 25. e5 Qf5 26. Qd1 Bc8 27. Nd4 Qh5 28. Qxh5
gxh5 29. Nf3 Nd7 30. Nxh4 dxe5 31. f5 Nf6 32. Rfd1 Rxd2 33. Rxd2 Nh6 34. Ne4
Nf7 35. Bf3 Nxe4 36. Bxe4 Bf6 37. Nf3 Rd8 38. Rg2+ Kf8 39. Rg6 Ke7 40. Bc5+ Nd6
41. Ba3 Kf7 42. Ng5+ Bxg5 43. Bxd6 Bf6 44. c5 b6 45. Bd3 b5 46. a4 Bd7 47. axb5
cxb5 48. Be4 Bxf5 49. Bxf5 a4 50. bxa4 bxa4 51. Rg3 Be7 52. Bxe7 Kxe7 53. Rc3
Rd1+ 54. Kg2 Kd8 55. Kf3 Kc7 56. Ke4 Re1+ 57. Kd5 h4 58. Be4 Rg1 59. Kxe5 Rg3
60. Rxg3 hxg3 61. Kd4 a3 62. Kc3 1-0

[Event "Lloyds Bank Masters 18th"]
[Site "London"]
[Date "1994.08.20"]
[Round "1"]
[White "Garcia, Gildardo"]
[Black "Law, Andrew P"]
[Result "1/2-1/2"]
[WhiteElo "2540"]
[BlackElo "2375"]
[PlyCount "100"]
[EventDate "1994.08.20"]
[EventType "swiss"]
[EventRounds "10"]
[EventCountry "ENG"]
[SourceTitle "BritBase"]

1. e4 e5 2. Nf3 Nc6 3. Bb5 a6 4. Ba4 Nf6 5. O-O Nxe4 6. d4 b5 7. Bb3 d5 8. dxe5
Be6 9. Nbd2 Bc5 10. Nxe4 dxe4 11. Bxe6 Qxd1 12. Rxd1 fxe6 13. Ng5 O-O 14. Nxe4
Bb6 15. Be3 Bxe3 16. fxe3 Rf5 17. Rd7 Rc8 18. Ng3 Rf7 19. Rxf7 Kxf7 20. a4 Rd8
21. axb5 axb5 22. Nf1 Nxe5 23. Ra7 Rd7 24. Kf2 c6 25. Ra1 Rd5 26. Ke2 Rc5 27.
Rc1 b4 28. Nd2 Ke7 29. Nb3 Rb5 30. Ra1 Kf6 31. Nd2 Kg6 32. b3 Rc5 33. Ra2 Kf5
34. Nf1 Ng4 35. Kd2 Nf6 36. Ng3+ Ke5 37. Ra4 Rd5+ 38. Ke2 c5 39. Ra7 g6 40. Rc7
h5 41. Kf3 h4 42. Ne2 Kd6 43. e4 Rd2 44. Ra7 Rxc2 45. Nf4 Rc3+ 46. Ke2 g5 47.
Ra6+ Ke5 48. Nd3+ Kxe4 49. Rxe6+ Kf5 50. Re5+ Kg6 1/2-1/2

[Event "Lloyds Bank Masters 18th"]
[Site "London"]
[Date "1994.08.20"]
[Round "1"]
[White "Gillani, Tunveer MD"]
[Black "Cobb, James"]
[Result "1/2-1/2"]
[WhiteElo "2405"]
[BlackElo "2240"]
[PlyCount "80"]
[EventDate "1994.08.20"]
[EventType "swiss"]
[EventRounds "10"]
[EventCountry "ENG"]
[SourceTitle "BritBase"]

1. e4 Nc6 2. d4 e5 3. Nf3 exd4 4. Nxd4 Bc5 5. Be3 Qf6 6. c3 Nge7 7. Be2 O-O 8.
Nc2 Bxe3 9. Nxe3 d6 10. O-O Qg6 11. Nd2 Be6 12. Bh5 Qh6 13. Bg4 Ne5 14. Bxe6
fxe6 15. g3 Rad8 16. Qe2 d5 17. f4 N5c6 18. Rad1 Qg6 19. Qg4 Qxg4 20. Nxg4 Rd7
21. Nb3 b6 22. Rd2 Rfd8 23. Rfd1 Nb8 24. Ne5 Rd6 25. Nd4 a6 26. Kf2 c5 27. Ndf3
Nd7 28. Ke3 Nf6 29. exd5 exd5 30. Rc2 d4+ 31. cxd4 Nf5+ 32. Ke2 Nxd4+ 33. Nxd4
Rxd4 34. Rxd4 Rxd4 35. Rc4 Rxc4 36. Nxc4 b5 37. Nd6 Kf8 38. Nb7 Nd7 39. Ke3 Ke7
40. Ke4 Ke6 1/2-1/2

[Event "Lloyds Bank Masters 18th"]
[Site "London"]
[Date "1994.08.20"]
[Round "1"]
[White "Gurevich, Ilya"]
[Black "Bartels, Hans A"]
[Result "1-0"]
[WhiteElo "2570"]
[BlackElo "2335"]
[PlyCount "99"]
[EventDate "1994.08.20"]
[EventType "swiss"]
[EventRounds "10"]
[EventCountry "ENG"]
[SourceTitle "BritBase"]

1. e4 c6 2. d4 d5 3. exd5 cxd5 4. c4 Nf6 5. Nc3 e6 6. Nf3 Bb4 7. cxd5 Nxd5 8.
Qc2 Nc6 9. Be2 O-O 10. O-O Be7 11. Rd1 Ncb4 12. Qb3 b6 13. a3 Nc6 14. Nxd5 Qxd5
15. Qxd5 exd5 16. b4 Bf6 17. Be3 Bb7 18. Rac1 Rac8 19. g4 g6 20. Bf1 Bg7 21. g5
Rfe8 22. h4 Ne7 23. h5 Nf5 24. Bh3 Rxc1 25. Rxc1 Nxe3 26. Rc7 Ba6 27. fxe3 Rxe3
28. Kf2 Re2+ 29. Kg3 gxh5 30. Rxa7 Bc4 31. Ra8+ Bf8 32. Ne5 Kg7 33. Ra7 Bd6 34.
Rxf7+ Kg8 35. Rd7 Bxe5+ 36. dxe5 Rxe5 37. Kf4 Re4+ 38. Kf5 Re3 39. Kf6 Kf8 40.
Be6 Ke8 41. Rc7 Rf3+ 42. Bf5 Rxf5+ 43. Kxf5 Kd8 44. Rb7 b5 45. Ke5 Bd3 46. Kxd5
h4 47. Kd6 Kc8 48. Rc7+ Kb8 49. Rc3 Bf5 50. Rf3 1-0

[Event "Lloyds Bank Masters 18th"]
[Site "London"]
[Date "1994.08.20"]
[Round "1"]
[White "Hassabis, Demis"]
[Black "Kaminski, Marcin"]
[Result "1/2-1/2"]
[WhiteElo "2260"]
[BlackElo "2440"]
[PlyCount "55"]
[EventDate "1994.08.20"]
[EventType "swiss"]
[EventRounds "10"]
[EventCountry "ENG"]
[SourceTitle "BritBase"]

1. d4 Nf6 2. Nf3 g6 3. g3 Bg7 4. Bg2 O-O 5. c4 c6 6. O-O d6 7. Nc3 a6 8. e4
Nfd7 9. Be3 b5 10. Nd2 bxc4 11. Nxc4 a5 12. Qd2 Ba6 13. b3 Nb6 14. Nxb6 Qxb6
15. Rfd1 Rc8 16. Rac1 Nd7 17. Bh3 Qb7 18. Bg5 e6 19. d5 Ne5 20. Qe3 exd5 21.
Bxc8 Qxc8 22. Nxd5 Qh3 23. Nf4 Qg4 24. Be7 g5 25. Nd3 Bxd3 26. Rxd3 Qh3 27. f3
g4 28. fxg4 1/2-1/2

[Event "Lloyds Bank Masters 18th"]
[Site "London"]
[Date "1994.08.20"]
[Round "1"]
[White "Holland, Christopher"]
[Black "Lodhi, Mahmood"]
[Result "0-1"]
[WhiteElo "2265"]
[BlackElo "2450"]
[PlyCount "102"]
[EventDate "1994.08.20"]
[EventType "swiss"]
[EventRounds "10"]
[EventCountry "ENG"]
[SourceTitle "BritBase"]

1. c4 Nf6 2. Nc3 e5 3. Nf3 Nc6 4. g3 g6 5. Bg2 Bg7 6. d3 O-O 7. O-O Re8 8. Bg5
h6 9. Bxf6 Qxf6 10. Rb1 a5 11. a3 Qd8 12. b4 axb4 13. axb4 Nd4 14. e3 Nxf3+ 15.
Bxf3 c6 16. b5 f5 17. Qb3 Qa5 18. Rfc1 Qa3 19. Bg2 Qxb3 20. Rxb3 Ra5 21. Rbb1
Kf7 22. Ra1 Rxa1 23. Rxa1 e4 24. d4 c5 25. Rd1 d6 26. Nd5 cxd4 27. exd4 Be6 28.
Nc7 Rc8 29. Nxe6 Kxe6 30. Bf1 b6 31. d5+ Kf7 32. Be2 Ra8 33. Rd2 Bc3 34. Rc2
Ra1+ 35. Kg2 Bd4 36. Rd2 Bc5 37. Rc2 Kf6 38. Rd2 g5 39. Rc2 f4 40. f3 Rg1+ 41.
Kh3 e3 42. gxf4 gxf4 43. Bd3 Rd1 44. Be2 Re1 45. Kg2 Ke5 46. Bf1 Kd4 47. Be2 h5
48. Bf1 Bb4 49. Be2 h4 50. h3 Bd2 51. Bf1 Rxf1 0-1

[Event "Lloyds Bank Masters 18th"]
[Site "London"]
[Date "1994.08.20"]
[Round "1"]
[White "Holm, Magnus"]
[Black "Mortazavi, Ali"]
[Result "1/2-1/2"]
[WhiteElo "2240"]
[BlackElo "2390"]
[PlyCount "73"]
[EventDate "1994.08.20"]
[EventType "swiss"]
[EventRounds "10"]
[EventCountry "ENG"]
[SourceTitle "BritBase"]

1. e4 c5 2. Nf3 e6 3. d3 Nc6 4. g3 g6 5. Bg2 Bg7 6. O-O Nge7 7. c3 d5 8. Nbd2
O-O 9. Re1 Qc7 10. Qe2 b5 11. e5 b4 12. Nb3 c4 13. dxc4 Ba6 14. Bf4 bxc3 15.
bxc3 Bxc4 16. Qd2 Rab8 17. Nbd4 Nxd4 18. cxd4 Nc6 19. Bh6 Nb4 20. Bxg7 Kxg7 21.
Rec1 Rfc8 22. Bf1 Qe7 23. Rab1 Nxa2 24. Rxb8 Rxb8 25. Rxc4 dxc4 26. Qxa2 c3 27.
Qc4 Qb4 28. Qc7 Rb7 29. Qc6 Qb3 30. Ne1 Rb6 31. Qc7 Qd1 32. Qd8 Qa4 33. Nd3 c2
34. Qf6+ Kg8 35. Qd8+ Kg7 36. Qf6+ Kg8 37. Qd8+ 1/2-1/2